Annual report - Texas State Board of Plumbing Examiners.

Bibliographic Details
Corporate Author: Texas State Board of Plumbing Examiners
Format: Government Document Serial
Language:English
Published: Austin : The Board.
Subjects:

MARC

Tag First Indicator Second Indicator Subfields
LEADER 00000cas a2200000 4500
001 in00001007457
005 20150927222211.0
008 780724c19uu9999txuar s0uuua0eng d
035 |a (OCoLC)04077593 
035 |9 AFD9424AM 
040 |a IKM  |c IKM  |d m/c  |d TXA  |d UtOrBLW 
043 |a n-us-tx 
049 |a TXAO 
086 |a P1900.3 An78  |2 txdocs 
110 2 |a Texas State Board of Plumbing Examiners. 
245 1 0 |a Annual report - Texas State Board of Plumbing Examiners. 
246 1 0 |a Annual report 
264 1 |a Austin :  |b The Board. 
300 |a  volumes ;  |c 28 cm. 
336 |a text  |b txt  |2 rdacontent 
337 |a unmediated  |b n  |2 rdamedia 
338 |a volume  |b nc  |2 rdacarrier 
610 2 0 |a Texas State Board of Plumbing Examiners. 
650 0 |a Plumbing. 
650 0 |a Plumbers  |z Texas. 
999 |a MARS 
999 f f |s bc2096ca-0804-32af-8750-c1abd4bd5e38  |i 7977c5b5-9768-3a85-b00f-108c42e8b04d  |t 0 
952 f f |p normal  |a Texas A&M University  |b College Station  |c Sterling C. Evans Library  |d Evans: Texas Documents (Annex 5th floor)  |t 0  |e P1900.3 An78  |h Superintendent of Documents classification  |i unmediated -- volume  |k 1981  |m A14814782776 
952 f f |p normal  |a Texas A&M University  |b College Station  |c Sterling C. Evans Library  |d Evans: Texas Documents (Annex 5th floor)  |t 0  |e P1900.3 An78  |h Superintendent of Documents classification  |i unmediated -- volume  |k 1988/1989  |m A14814782920 
952 f f |p normal  |a Texas A&M University  |b College Station  |c Sterling C. Evans Library  |d Evans: Texas Documents (Annex 5th floor)  |t 0  |e P1900.3 An78  |h Superintendent of Documents classification  |i unmediated -- volume  |k 1983/1984-1985/1986  |m A14814782938 
952 f f |p normal  |a Texas A&M University  |b College Station  |c Sterling C. Evans Library  |d Evans: Texas Documents (Annex 5th floor)  |t 0  |e P1900.3 An78  |h Superintendent of Documents classification  |i unmediated -- volume  |k 1987/1988  |m A14814782873 
952 f f |p normal  |a Texas A&M University  |b College Station  |c Sterling C. Evans Library  |d Evans: Texas Documents (Annex 5th floor)  |t 0  |e P1900.3 An78  |h Superintendent of Documents classification  |i unmediated -- volume  |k 1989/1990  |m A14814782970 
952 f f |p normal  |a Texas A&M University  |b College Station  |c Sterling C. Evans Library  |d Evans: Texas Documents (Annex 5th floor)  |t 0  |e P1900.3 An78  |h Superintendent of Documents classification  |i unmediated -- volume  |k 1980  |m A14841047937 
952 f f |p normal  |a Texas A&M University  |b College Station  |c Sterling C. Evans Library  |d Evans: Texas Documents (Annex 5th floor)  |t 0  |e P1900.3 An78  |h Superintendent of Documents classification  |i unmediated -- volume  |k 1986/1987  |m A14814782823 
952 f f |p normal  |a Texas A&M University  |b College Station  |c Sterling C. Evans Library  |d Evans: Texas Documents (Annex 5th floor)  |t 0  |e P1900.3 An78  |h Superintendent of Documents classification  |i unmediated -- volume  |k 1979  |m A14814782881 
952 f f |p normal  |a Texas A&M University  |b College Station  |c Sterling C. Evans Library  |d Evans: Texas Documents (Annex 5th floor)  |t 0  |e P1900.3 An78  |h Superintendent of Documents classification  |i unmediated -- volume  |k 1978  |m A14841047945 
998 f f |a P1900.3 An78  |s 1978-1981, 1984-1990  |t 0  |l Evans: Texas Documents (Annex 5th floor)